| 000 | 01131nam a2200193 a 4500 | ||
|---|---|---|---|
| 001 | 53556 | ||
| 005 | 20180714043848.0 | ||
| 008 | 140415s2009 mx 000 0 spa d | ||
| 020 | _a9786074510065 | ||
| 041 | _aspa | ||
| 082 |
_a378.372 _bMIL |
||
| 100 | 1 | _aMILLER FLORES, DINORAH | |
| 245 | 1 | 3 |
_aLA EQUIDAD EN LA UNIVERSIDAD : _bEL PROGRAMA NACIONAL DE BECAS (PRONABES) Y LA CONDICION DE JUVENTUD DE LOS ESTUDIANTES UNA MIRADA DESDE LA UNAM |
| 250 | _a1a ed. | ||
| 260 |
_aMEXICO : _bANUIES, _c2009 |
||
| 300 |
_a230 _c16.6 x 1.3 x 23 |
||
| 520 | _aEL PROGRAMA NACIONAL DE EDUCACION 2001-2006 IMPULSO LA CREACION DEL PROGRAMA NACIONAL DE BECAS (PRONABES) PARA BENEFICIAR DIRECTAMENTE, Y NO A TRAVES DE LAS INSTITUCIONES, A LOS ESTUDIANTES UNIVERSITARIOS, RECUPERANDO A LA EQUIDAD COMO UNO DE SUS GRANDES EJES. ESTE TRABAJO ANALIZA LA DISTRIBUCION DE OPORTUNIDADES EDUCATIVAS Y LOS INSTRUMENTOS PUBLICOS PARA ATENDERLA, COMPARANDO ADEMAS LAS TRAYECTORIAS ESCOLARES DE LOS ESTUDIANTES DE LA UNIVERSIDAD AUTONOMA METROPOLITANA. | ||
| 650 | 1 | 4 |
_aIGUALDAD DE OPORTUNIDADES EN EDUCACION _xBECAS _xUNIVERSIDADES _xMEXICO |
| 999 |
_c53556 _d53556 |
||